ბათუმის შოთა რუსთაველის სახელმწიფო უნივერსიტეტის ბიბლიოთეკა

Essentials of medical pharmacology / (ბიბ.ჩანაწერი № 57500)

000 -LEADER
fixed length control field 00923cam a2200217 i 4500
001 - CONTROL NUMBER
control field 21091774
005 - DATE AND TIME OF LATEST TRANSACTION
control field 20221107152459.0
008 - FIXED-LENGTH DATA ELEMENTS--GENERAL INFORMATION
fixed length control field 190718s2019 ii a b 001 0 eng
020 ## - INTERNATIONAL STANDARD BOOK NUMBER
International Standard Book Number 9789352704996x
041 ## - LANGUAGE CODE
Language code of text/sound track or separate title eng
080 ## - UNIVERSAL DECIMAL CLASSIFICATION NUMBER
Universal Decimal Classification number 615 T-86
100 1# - MAIN ENTRY--PERSONAL NAME
Personal name Tripathi, K. D.,
9 (RLIN) 8878
245 10 - TITLE STATEMENT
Title Essentials of medical pharmacology /
Statement of responsibility, etc. K.D. Tripathi, MD, ex-director-professor and Head of Pharmacology, Maulana Azad Medical College and associated LN and GB Pant Hospitals, New Delhi, India.
250 ## - EDITION STATEMENT
Edition statement Eighth edition.
264 #1 - PRODUCTION, PUBLICATION, DISTRIBUTION, MANUFACTURE, AND COPYRIGHT NOTICE
Place of production, publication, distribution, manufacture New Delhi :
Name of producer, publisher, distributor, manufacturer Jaypee Brothers Medical Publishers,
Date of production, publication, distribution, manufacture, or copyright notice [2019].
300 ## - PHYSICAL DESCRIPTION
Extent xvi, 1064 pages :
Other physical details color illustrations ;
Dimensions 25 cm
653 ## - INDEX TERM--UNCONTROLLED
keyword მედიცინა
653 ## - INDEX TERM--UNCONTROLLED
keyword ფარმაკოლოგია
856 ## - ELECTRONIC LOCATION AND ACCESS
Link text ელექტრონული ვერსია
Uniform Resource Identifier https://books.google.ge/books?id=B3OSDwAAQBAJ&hl=ru&source=gbs_ViewAPI&redir_esc=y
942 ## - ADDED ENTRY ELEMENTS (KOHA)
Source of classification or shelving scheme
Koha item type წიგნი
ეგზემპლარები
Withdrawn status Lost status Source of classification or shelving scheme Damaged status Not for loan Permanent Location Current Location Shelving location Date acquired Cost, normal purchase price Full call number Barcode Date last seen Copy number Price effective from Koha item type Public note
          ბათუმის შოთა რუსთაველის სახელმწიფო უნივერსიტეტის მთავარი ბიბლიოთეკა ბათუმის შოთა რუსთაველის სახელმწიფო უნივერსიტეტის მთავარი ბიბლიოთეკა წიგნსაცავი 2020-06-29 195.00 615 T-86 60694 2020-06-29 60694 2020-06-29 წიგნი 195.00